Science Quiz

Random Science or Anatomy Quiz

Anatomy of the Tibia & Fibula Quiz Stats

 Plays Quiz not verified by Sporcle

Score 0/10 Timer 10:00
0 Plays Today
Number (from picture) Structure % Correct
1tibia
95.4%
2fibula
93.6%
3head
89.8%
4lateral malleolus
81.9%
5medial malleolus
81.6%
9lateral condyle
75.6%
8medial condyle
75.4%
7tibial tuberosity
65.8%
10intercondylar eminence
50.2%
6anterior border
34.5%

You're not logged in!

Compare scores with friends on all Sporcle quizzes.
OR
Log In

Show Comments

Extras

Top Quizzes Today


Score Distribution

Your Account Isn't Verified!

In order to create a playlist on Sporcle, you need to verify the email address you used during registration. Go to your Sporcle Settings to finish the process.

Report this User

Report this user for behavior that violates our Community Guidelines.

Details: